| 000 -ლიდერი |
| ფიქსირებული სიგრძის საკონტროლო ველი |
01826nam a22002417a 4500 |
| 003 - საკონტროლო ნომრის იდენტიფიკატორი |
| საკონტროლო ველი |
Ge_BSU |
| 005 - ბოლო ოპერაციის თარიღი და დრო |
| საკონტროლო ველი |
20250210153952.0 |
| 008 - ფიქსირებული სიგრძის მონაცემთა ელემენტები - ზოგადი ინფორმაცია |
| ფიქსირებული სიგრძის საკონტროლო ველი |
250210s2016 ge ||||| |||| 00| 0 geo d |
| 020 ## - წიგნის საერთაშორისო სტანდარტული ნომერი |
| International Standard Book Number |
2233-355x |
| 041 ## - ენის კოდი |
| Language code of text/sound track or separate title |
geo |
| 080 ## - უნივერსალური ათობითი კლასიფიკაციის ინდექსი |
| Universal Decimal Classification number |
531/534(479.22)(063) : 51(479.22)(063) ს-32 |
| 245 ## - ცნობა სათაურის შესახებ |
| Title |
საქართველოს მათემატიკოსთა კავშირისა და საქართველოს მექანიკოსთა კავშირის VII გაერთიანებული საერთაშორისო კონფერენცია: |
| Remainder of title |
უწყვეტ გარემოთა მექანიკა და ანალიზის მონათესავე საკითხები : მოხსენებათა თეზისები, 5-9 სექტემბერი, 2016, ბათუმი = VII Inretnational Joint Conference of the Georgian Mathematical Union (GMU) & Georgian Mechanical Union (GeoMechU): Continuum Mechanics and Related Problems of Analysis : Book of abstracts, 5-9 September, 2016, Batumi / |
| Statement of responsibility, etc |
რედ. გ. გოგიშვილი, მ. კვინიკაძე, მ. ჯაფოშვილი. |
| 264 ## - წარმოების, გამოცემის, დისტრიბუციის და სხვა ცნობები |
| გამოცემის, წარმოების, დისტრიბუციის... ადგილი |
ბათუმი, |
| გამოცემის, წარმოების, დისტრიბუციის... თარიღი |
2016. |
| 300 ## - ფიზიკური აღწერა |
| Extent |
260 გვ. ; |
| Other physical details |
29 სმ. |
| 504 ## - BIBLIOGRAPHY, ETC. NOTE |
| Bibliography, etc |
ბიბლიოგრ. ტექსტების ბოლოს |
| 653 ## - INDEX TERM--UNCONTROLLED |
| Uncontrolled term |
მატემატიკა |
| 653 ## - INDEX TERM--UNCONTROLLED |
| Uncontrolled term |
კონფერენცია |
| 653 ## - INDEX TERM--UNCONTROLLED |
| Uncontrolled term |
მექანიკა |
| 700 ## - ADDED ENTRY--PERSONAL NAME |
| Personal name |
გოგიშვილი, გ. |
| Relator term |
რედაქტორი |
| 9 (RLIN) |
24285 |
| 700 ## - ADDED ENTRY--PERSONAL NAME |
| Personal name |
კვინიკაძე, მ. |
| Relator term |
რედაქტორი |
| 9 (RLIN) |
24286 |
| 700 ## - ADDED ENTRY--PERSONAL NAME |
| Personal name |
ჯაფოშვილი, მ. |
| Relator term |
რედაქტორი |
| 9 (RLIN) |
24287 |
| 942 ## - ADDED ENTRY ELEMENTS (KOHA) |
| Source of classification or shelving scheme |
|
| Koha item type |
წიგნი |